[Event "Avoine op 30th"]
[Site "Avoine"]
[Date "2015.07.18"]
[Round "8"]
[White "Dumont, Gilles"]
[Black "Amarger, Vincent"]
[Result "1/2-1/2"]
[WhiteElo "1854"]
[BlackElo "2082"]
[PlyCount "136"]
[EventDate "2015.07.18"]
[EventType "swiss"]
[EventRounds "9"]
[EventCountry "FRA"]
[SourceTitle "EXT 2016"]
[Source "ChessBase"]
[SourceDate "2015.10.08"]
[SourceVersion "1"]
[SourceVersionDate "2015.10.08"]
[SourceQuality "1"]

1. e4 d6 2. d4 Nf6 3. Nc3 e5 4. dxe5 dxe5 5. Qxd8+ Kxd8 6. Bg5 Be6 7. 0-0-0+ Nbd7 8. Nge2 Kc8 9. h3 Bc5 10. f4 h6 11. Bxf6 gxf6 12. f5 Bc4 13. g4 c6 14. Ng3 Bxf1 15. Rhxf1 b5 16. Rf3 Kc7 17. Kb1 Rhd8 18. Rfd3 Nb6 19. b3 a6 20. Nh5 Be7 21. R1d2 Rxd3 22. cxd3 Rd8 23. Kc2 Rd7 24. Ne2 Kd8 25. d4 Bb4 26. Rd3 Ke7 27. dxe5 fxe5 28. Nc1 a5 29. Rxd7+ Nxd7 30. Nd3 Bd6 31. a4 Nc5 32. Nxc5 Bxc5 33. Kd3 Bf2 34. f6+ Ke6 35. Ng7+ Kxf6 36. Nf5 bxa4 37. bxa4 Kg5 38. Ne7 f6 39. Nxc6 Kh4 40. Ke2 Bb6 41. Kf3 Kxh3 42. Ne7 Kh4 43. Nf5+ Kg5 44. Nd6 Bd4 45. Nc4 Bc3 46. Ne3 Kg6 47. Nd5 Bd4 48. Ne7+ Kg5 49. Nd5 Bb2 50. Kg3 Bc1 51. Kf3 Kg6 52. Ke2 Bb2 53. Kf3 Kf7 54. Ke2 Kg6 55. Kf3 Bc1 56. Ke2 Bg5 57. Ne7+ Kf7 58. Nc6 Ke6 59. Nxa5 Kd6 60. Nb3 Kc6 61. Kd3 Bh4 62. Kc4 Bf2 63. Nc1 Kb6 64. Nd3 Be3 65. Nb4 Ka5 66. Nd5 Bg5 67. Kb3 Bh4 68. Ne7 Bg5 1/2-1/2

[Event "Rabat Blitz Marathon 6th"]
[Site "Rabat"]
[Date "2015.05.16"]
[Round "20"]
[White "Amarger, Vincent"]
[Black "Mamedyarov, Shakhriyar"]
[Result "0-1"]
[WhiteElo "2082"]
[BlackElo "2735"]
[PlyCount "56"]
[EventDate "2015.05.16"]
[EventType "swiss (blitz)"]
[EventRounds "21"]
[EventCountry "MAR"]
[SourceTitle "CBM 166 Extra"]
[Source "ChessBase"]
[SourceDate "2015.06.18"]
[SourceVersion "1"]
[SourceVersionDate "2015.06.18"]
[SourceQuality "1"]

1. e4 c6 2. d4 d5 3. e5 Bf5 4. Nf3 e6 5. Be2 Nd7 6. Be3 f6 7. exf6 Ngxf6 8. 0-0 Bd6 9. c4 0-0 10. Nc3 h6 11. Bd3 Bg4 12. c5 Bc7 13. Be2 Bxf3 14. Bxf3 e5 15. dxe5 Nxe5 16. Be2 Qe8 17. Bd4 Qg6 18. Bxe5 Bxe5 19. Bd3 Qg5 20. g3 Qg4 21. Qxg4 Nxg4 22. Kg2 Bd4 23. Nd1 Bxc5 24. Rc1 Bb6 25. h3 Ne5 26. Bc2 Rae8 27. Nc3 Nc4 28. b3 Nd2 0-1

[Event "Avoine op 29th"]
[Site "Avoine"]
[Date "2014.07.22"]
[Round "4"]
[White "Bujisho, Benjamin"]
[Black "Amarger, Vincent"]
[Result "1-0"]
[WhiteElo "2367"]
[BlackElo "2035"]
[PlyCount "89"]
[EventDate "2014.07.19"]
[EventType "swiss"]
[EventRounds "9"]
[EventCountry "FRA"]
[SourceTitle "CBM 161 Extra"]
[Source "ChessBase"]
[SourceDate "2014.08.29"]
[SourceVersion "1"]
[SourceVersionDate "2014.08.29"]
[SourceQuality "1"]

1. e4 d6 2. d4 Nf6 3. Nc3 e5 4. Nf3 Nbd7 5. Bc4 Be7 6. 0-0 0-0 7. a4 c6 8. Qe2 b6 9. Rd1 Qc7 10. d5 cxd5 11. Nxd5 Nxd5 12. Bxd5 Bb7 13. Bxb7 Qxb7 14. c4 Nc5 15. Re1 f5 16. exf5 Rxf5 17. Be3 Raf8 18. Nd2 Ne4 19. Nxe4 Qxe4 20. a5 Qb7 21. axb6 axb6 22. Red1 Bg5 23. Rxd6 Bxe3 24. fxe3 Qf7 25. Rd2 e4 26. Rc1 h5 27. b4 Qe7 28. c5 bxc5 29. Qc4+ Kh7 30. bxc5 Rc8 31. c6 Rc7 32. Rd5 Rxd5 33. Qxd5 g6 34. h3 Qa3 35. Qd2 Qd3 36. Qc3 Qd5 37. Qc4 Qd2 38. Qc3 Qd5 39. Qd4 Qe6 40. Qc5 Kg7 41. Qb6 Qe5 42. Qd4 Kf6 43. Rc3 Qxd4 44. exd4 Ke6 45. Kf2 1-0

[Event "Thorigny op 2nd"]
[Site "Thorigny"]
[Date "2006.03.23"]
[Round "1"]
[White "Bordino, Jean Christophe"]
[Black "Amarger, Vincent"]
[Result "0-1"]
[WhiteElo "1740"]
[BlackElo "2089"]
[PlyCount "66"]
[EventDate "2006.03.22"]
[EventType "swiss"]
[EventRounds "7"]
[EventCountry "FRA"]
[SourceTitle "EXT 2007"]
[Source "ChessBase"]
[SourceDate "2006.11.23"]
[SourceVersion "1"]
[SourceVersionDate "2006.11.23"]
[SourceQuality "1"]

1. d4 d6 2. e4 Nd7 3. f4 g6 4. Nf3 Bg7 5. Bd3 c5 6. d5 b5 7. c3 Qb6 8. Be3 Ngf6 9. 0-0 Ng4 10. Qe2 Nxe3 11. Qxe3 Bb7 12. Nbd2 0-0 13. Bc2 b4 14. Rab1 Qa5 15. Bb3 bxc3 16. Nc4 Qb4 17. bxc3 Qxc3 18. Qxc3 Bxc3 19. Ba4 Bc8 20. Rb3 Bg7 21. Bxd7 Bxd7 22. Rb7 Rfd8 23. Rfb1 Bf8 24. Nfd2 Bc8 25. R7b2 Ba6 26. Rb3 e6 27. Ne3 Bg7 28. Nf3 exd5 29. Nxd5 Bc4 30. Ne7+ Kf8 31. Rb7 Re8 32. Nc6 Bd3 33. Re1 Bxe4 0-1

[Event "Thorigny op 2nd"]
[Site "Thorigny"]
[Date "2006.03.22"]
[Round "2"]
[White "Amarger, Vincent"]
[Black "Delchev, Aleksander"]
[Result "0-1"]
[WhiteElo "2089"]
[BlackElo "2661"]
[PlyCount "58"]
[EventDate "2006.03.22"]
[EventType "swiss"]
[EventRounds "7"]
[EventCountry "FRA"]
[SourceTitle "EXT 2007"]
[Source "ChessBase"]
[SourceDate "2006.11.23"]
[SourceVersion "1"]
[SourceVersionDate "2006.11.23"]
[SourceQuality "1"]

1. e4 c5 2. Nc3 Nc6 3. g3 g6 4. Bg2 Bg7 5. d3 d6 6. Be3 Qd7 7. Qd2 b6 8. Nge2 Nd4 9. h3 Bb7 10. Nd1 d5 11. c3 Ne6 12. 0-0 d4 13. cxd4 cxd4 14. Bf4 Nxf4 15. Nxf4 e6 16. Ne2 Ne7 17. f3 0-0 18. Nf2 f5 19. Rac1 Nc6 20. Rc2 Rf7 21. Rfc1 Bf8 22. a3 a5 23. exf5 exf5 24. f4 Bc5 25. Kh2 Re7 26. Ng1 Rae8 27. Nf3 Ba6 28. Re1 Re3 29. Re2 Rxe2 0-1

[Event "Champigny sur Marne op 6th"]
[Site "Champigny sur Marne"]
[Date "2006.02.18"]
[Round "4"]
[White "Amarger, Vincent"]
[Black "Verdier, Patrice"]
[Result "1/2-1/2"]
[WhiteElo "2089"]
[BlackElo "2243"]
[PlyCount "91"]
[EventDate "2006.02.16"]
[EventType "swiss"]
[EventRounds "6"]
[EventCountry "FRA"]
[SourceTitle "EXT 2007"]
[Source "ChessBase"]
[SourceDate "2006.11.23"]
[SourceVersion "1"]
[SourceVersionDate "2006.11.23"]
[SourceQuality "1"]

1. e4 g6 2. Nc3 Bg7 3. g3 d6 4. Bg2 e5 5. d3 Ne7 6. Be3 0-0 7. Qd2 c6 8. Bh6 d5 9. Bxg7 Kxg7 10. h4 h5 11. Nf3 f6 12. 0-0 Be6 13. d4 dxe4 14. Nxe4 Bd5 15. Rfe1 f5 16. Neg5 e4 17. Ne5 Nd7 18. c4 Nxe5 19. dxe5 Bxc4 20. Qc3 Bd5 21. e6+ Kg8 22. Nf7 Rxf7 23. exf7+ Kxf7 24. Rad1 Qb6 25. b3 a5 26. Bf1 a4 27. Bc4 axb3 28. axb3 Ra2 29. Rd2 Ra3 30. Rc1 Qa5 31. Qxa5 Rxa5 32. Rb2 Ke6 33. b4 Ra3 34. Bxd5+ Nxd5 35. b5 Kd6 36. bxc6 bxc6 37. Rb8 f4 38. Rd8+ Ke7 39. Rg8 Kf7 40. Rd8 Ne7 41. Rd4 fxg3 42. Rxe4 gxf2+ 43. Kxf2 Ra2+ 44. Kg3 Ra3+ 45. Kg2 Ra2+ 46. Kg3 1/2-1/2

[Event "Champigny sur Marne op 6th"]
[Site "Champigny sur Marne"]
[Date "2006.02.18"]
[Round "3"]
[White "Gitzinger, Gregory"]
[Black "Amarger, Vincent"]
[Result "0-1"]
[WhiteElo "2214"]
[BlackElo "2089"]
[PlyCount "70"]
[EventDate "2006.02.16"]
[EventType "swiss"]
[EventRounds "6"]
[EventCountry "FRA"]
[SourceTitle "EXT 2007"]
[Source "ChessBase"]
[SourceDate "2006.11.23"]
[SourceVersion "1"]
[SourceVersionDate "2006.11.23"]
[SourceQuality "1"]

1. e4 e5 2. Nc3 Nc6 3. g3 g6 4. Bg2 Bg7 5. Nge2 d6 6. d3 Be6 7. Be3 Qd7 8. Qd2 Nd4 9. Bxd4 exd4 10. Nd5 c6 11. Ndf4 a5 12. 0-0 Ne7 13. Nxe6 Qxe6 14. f4 f5 15. c3 dxc3 16. Nxc3 0-0 17. Rae1 Rae8 18. Rf2 Bd4 19. Kh1 Bxf2 20. Qxf2 fxe4 21. dxe4 Nd5 22. Nxd5 cxd5 23. e5 dxe5 24. Qd2 e4 25. Qxa5 Ra8 26. Qb4 Qa6 27. Qd4 Qxa2 28. Bh3 Rfe8 29. f5 Qc4 30. Qb6 Qc6 31. Qe3 Qf6 32. Rf1 g5 33. Rd1 Qxb2 34. Qxg5+ Qg7 35. Qe3 Ra1 0-1

[Event "Champigny sur Marne op"]
[Site "Champigny sur Marne"]
[Date "2005.03.??"]
[Round "3"]
[White "Amarger, Vincent"]
[Black "Haie, Victor"]
[Result "1/2-1/2"]
[WhiteElo "1980"]
[BlackElo "1720"]
[PlyCount "45"]
[EventDate "2005.03.??"]
[EventType "swiss"]
[EventRounds "7"]
[EventCountry "FRA"]
[SourceTitle "EXT 2007"]
[Source "ChessBase"]
[SourceDate "2006.11.23"]
[SourceVersion "1"]
[SourceVersionDate "2006.11.23"]
[SourceQuality "1"]

1. e4 c5 2. Nc3 Nc6 3. g3 g6 4. Bg2 Bg7 5. d3 d6 6. Be3 e5 7. Nge2 Nge7 8. Qd2 0-0 9. Bh6 Be6 10. h4 f6 11. Bxg7 Kxg7 12. Nd5 Bxd5 13. exd5 Nd4 14. c3 Nxe2 15. Qxe2 Qe8 16. g4 Qf7 17. c4 f5 18. g5 f4 19. Be4 Nf5 20. Bxf5 Qxf5 21. f3 a6 22. Kf2 b5 23. Rhe1 1/2-1/2

[Event "Thorigny op 1st "]
[Site "Thorigny"]
[Date "2005.03.??"]
[Round "?"]
[White "Amarger, Vincent"]
[Black "Miezis, Normunds"]
[Result "0-1"]
[WhiteElo "1980"]
[BlackElo "2547"]
[PlyCount "26"]
[EventDate "2005.03.17"]
[EventType "swiss"]
[EventRounds "7"]
[EventCountry "FRA"]
[SourceTitle "EXT 2007"]
[Source "ChessBase"]
[SourceDate "2006.11.23"]
[SourceVersion "1"]
[SourceVersionDate "2006.11.23"]
[SourceQuality "1"]

1. e4 c5 2. Nc3 Nc6 3. g3 g6 4. Bg2 Bg7 5. d3 d6 6. Be3 h5 7. Nge2 h4 8. 0-0 Nd4 9. Qd2 hxg3 10. hxg3 Bh3 11. f3 Qd7 12. Nf4 Bxg2 13. Qxg2 g5 0-1

[Event "Paris-ch op-B"]
[Site "Paris"]
[Date "2002.07.09"]
[Round "4.69"]
[White "Warrick, Alexander James"]
[Black "Amarger, Vincent"]
[Result "0-1"]
[WhiteElo "1740"]
[BlackElo "1870"]
[PlyCount "44"]
[EventDate "2002.07.06"]
[EventType "swiss"]
[EventRounds "7"]
[EventCountry "FRA"]
[SourceTitle "EXT 2003"]
[Source "ChessBase"]
[SourceDate "2002.11.25"]
[SourceVersion "1"]
[SourceVersionDate "2002.11.25"]
[SourceQuality "1"]

1. e4 e5 2. Nf3 Nc6 3. Bb5 f5 4. exf5 e4 5. Bxc6 dxc6 6. Qe2 Qe7 7. Nd4 c5 8. Ne6 Bxe6 9. fxe6 Qxe6 10. Nc3 Nf6 11. d3 Bd6 12. Bg5 0-0 13. Nxe4 Nxe4 14. Qxe4 Qf7 15. 0-0 Qh5 16. Qh4 Qe2 17. Rac1 Qe5 18. c3 Rf5 19. Rfe1 Qd5 20. f4 h6 21. Be7 Rxf4 22. Qg3 Rf1+ 0-1